| 000 -LEADER |
| fixed length control field |
00687nam a2200217Ia 4500 |
| 001 - CONTROL NUMBER |
| control field |
9174 |
| 003 - CONTROL NUMBER IDENTIFIER |
| control field |
GE_BSU |
| 008 - FIXED-LENGTH DATA ELEMENTS--GENERAL INFORMATION |
| fixed length control field |
181216s||||||||xx |||||||||||||| ||und|| |
| 040 ## - CATALOGING SOURCE |
| Transcribing agency |
GE_BSU |
| 245 ## - TITLE STATEMENT |
| Title |
International Review of the red Cross. Volume 94. Number 887 Autumn 2012 |
| 245 ## - TITLE STATEMENT |
| Remainder of title |
Humanitarian debate:Law,policy,action. Business,violence and conflict |
| 245 ## - TITLE STATEMENT |
| Statement of responsibility, etc. |
Editor-in-Chief Vincent Bernard |
| 260 ## - PUBLICATION, DISTRIBUTION, ETC. |
| Place of publication, distribution, etc. |
Cambridge |
| 260 ## - PUBLICATION, DISTRIBUTION, ETC. |
| Name of publisher, distributor, etc. |
Cambridge university press |
| 260 ## - PUBLICATION, DISTRIBUTION, ETC. |
| Date of publication, distribution, etc. |
2012 |
| 300 ## - PHYSICAL DESCRIPTION |
| Extent |
879-1188p.23cm. |
| 653 ## - INDEX TERM--UNCONTROLLED |
| Uncontrolled term |
Humanitarian debate:Law,policy,action |
| 653 ## - INDEX TERM--UNCONTROLLED |
| Uncontrolled term |
International Review of the red Cross |
| 653 ## - INDEX TERM--UNCONTROLLED |
| Uncontrolled term |
პერიოდიკა |
| 942 ## - ADDED ENTRY ELEMENTS (KOHA) |
| Koha item type |
პერიოდიკა |